• 首页
  • 本馆介绍
  • 公告通知
  • 最新文献
  • 馆藏检索
  • 电子资源
  • 读者导购
  • 参考咨询
  • 我的图书馆
  • 登录
  • 详细信息显示
  • 放入我的书架
  • 预约/预借图书
  • 作者相关作品
  • 分类相关作品
  • 丛书相关作品
  • 出版社相关作品

书目信息

  • 表格格式
  • 工作单格式
  • 卡片格式
题名:
药剂学
    
 
作者: 刘素兰 主编
分册:  
出版信息: 北京   科学出版社  2010
页数: 376页
开本: 26cm
丛书名:
单 册:
中图分类: R94
科图分类:
主题词: 药剂学--中等专业教育--教材
电子资源:
ISBN: 978-7-03-027457-1
000 00837nam0 2200241 450
001 012015000146
005 20150914161313.14
010    @a978-7-03-027457-1@dCNY45.00
100    @a20101122d2010 em y0chiy50 ea
101 0  @achi
102    @aCN@b110000
105    @ay z 000yy
106    @ar
200 1  @a药剂学@Ayao ji xue@f刘素兰主编
210    @a北京@c科学出版社@d2010
215    @a376页@c图@d26cm
300    @a全国中等卫生职业教育规划教材 供药剂专业使用
330    @a本书共分14章,主要介绍了适合医院和社会药房工作的调剂知识、GMP生产管理、常用制剂制备工艺、质量检查方法、药物制剂的基本理论、药物制剂稳定性、制剂新技术、生物药剂学和药物相互作用等方面的内容。
606 0  @a药剂学@x中等专业教育@j教材
690    @aR94@v5
701  0 @a刘素兰@Aliu su lan@4主编
801  0 @aCN@b碧洲教育@c20150716
905    @a10447@f4@dR94@e97
    
    药剂学/刘素兰主编.-北京:科学出版社,2010
    376页:图;26cm
    全国中等卫生职业教育规划教材 供药剂专业使用
    
    ISBN 978-7-03-027457-1:CNY45.00
    本书共分14章,主要介绍了适合医院和社会药房工作的调剂知识、GMP生产管理、常用制剂制备工艺、质量检查方法、药物制剂的基本理论、药物制剂稳定性、制剂新技术、生物药剂学和药物相互作用等方面的内容。
●
相关链接 在E读中查询图书 在五车中查询图书 在当当中查询图书 在豆瓣中查询图书


正题名:药剂学     索取号:R94/97         预约/预借

序号 登录号 条形码 馆藏地/架位号 状态 备注
1 0870444   208704446   第二样本阅览室/ [索取号:R94/97] 在馆    
2 0870445   208704455   第三借阅区/ [索取号:R94/97] 在馆    
3 0870446   208704464   第三借阅区/ [索取号:R94/97] 在馆    
4 0870447   208704473   第三借阅区/ [索取号:R94/97] 在馆    
唐山师范学院图书馆 欢迎您!
大连网信软件有限公司© 版权所有